000 00314nam a2200109 4500
999 _c12431
_d12431
008 190125b ||||| |||| 00| 0 eng d
245 _aTeachers called on to take part in world teacher survey.
260 _aDavao City
_bSun Star Davao
_cc2018
300 _apage 11.
650 0 _935069
_aTeachers.
942 _2ddc
_cPER